LDR 00872naa#a2200181#i#450# 001 EN\\bibl\20045 005 20260701165236.3 100 ## _a20260630b2026####ek#y0engy0150####ca 102 ## _aRU 200 1# _aTHE «GREEN SHIELD» PROGRAM AS AN IT SOLUTION FOR MONITORING THE STATE OF FORESTS _eConference article/thesis 210 1# _aVoronezh _cFSBE Institution of Higher Education Voronezh State University of Forestry and Technologies named after G.F. Morozov _d2026 215 ## _a10 с. 608 ## _aConference article/thesis _2local 675 ## _aЛесное хозяйство. Лесоводство. 630 _aИнформационные технологии. Компьютерные технологии. Теория вычислительных машин и систем. 004 _z 700 #1 _aAvilov _gYu. O. 700 #1 _aAnikeev _gE. A. 700 #1 _aZanin _gI. N. 856 4# _abibl.vgltu.ru _u